000 00380nam a22001457a 4500
003 MACL
005 20170705125325.0
008 170705b xxu||||| |||| 00| 0 eng d
040 _cMACL
100 _aKumar, Dr. Vijay "Piyush"
_968050
245 _aRural Sociology and Social Work
260 _aDelhi
_bGyan Geeta Prakashan
_c2016
650 _aSociology
_968051
942 _2ddc
_cBK
999 _c56706
_d56706